[Event "Lagos op 1st"]
[Site "Lagos"]
[Date "2023.10.29"]
[Round "2"]
[White "Sarrias Granados, Jesus"]
[Black "Audi, Ameya"]
[Result "0-1"]
[WhiteElo "1986"]
[BlackElo "2372"]
[PlyCount "46"]
[EventDate "2023.10.28"]
[EventType "swiss"]
[EventRounds "9"]
[EventCountry "POR"]
[SourceTitle "Mega2024 Update 01"]
[Source "Chessbase"]
[SourceDate "2023.11.12"]
[SourceVersion "1"]
[SourceVersionDate "2023.11.12"]
[SourceQuality "1"]

1. c4 Nf6 2. Nc3 g6 3. d4 Bg7 4. e4 0-0 5. Be3 d6 6. h3 Na6 7. g4 c5 8. d5 e6 9. Nf3 exd5 10. cxd5 Re8 11. Nd2 Nc7 12. a4 a6 13. Bg2 Rb8 14. a5 Nb5 15. 0-0 Nxc3 16. bxc3 h5 17. f3 Nxd5 18. exd5 Rxe3 19. Ne4 c4 20. Qa4 f5 21. Kf2 Rd3 22. gxf5 gxf5 23. Ng3 b5 0-1

[Event "Malaga op 16th"]
[Site "Malaga"]
[Date "2022.11.01"]
[Round "9"]
[White "Jaime Montalvan, Luis Felipe"]
[Black "Sarrias Granados, Jesus"]
[Result "1-0"]
[WhiteElo "1961"]
[BlackElo "1802"]
[PlyCount "85"]
[EventDate "2022.10.27"]
[EventType "swiss"]
[EventRounds "9"]
[EventCountry "ESP"]
[SourceTitle "EXT 2024"]
[Source "ChessBase"]
[SourceDate "2023.10.10"]
[SourceVersion "1"]
[SourceVersionDate "2023.10.10"]
[SourceQuality "1"]

1. d4 Nf6 2. c4 g6 3. Nc3 d5 4. Nf3 Bg7 5. Qb3 c6 6. Bg5 dxc4 7. Qxc4 a5 8. e4 b5 9. Qd3 b4 10. Na4 Ba6 11. Qc2 Bxf1 12. Rxf1 0-0 13. Bxf6 exf6 14. 0-0-0 Na6 15. Kb1 Qc7 16. g3 Rfe8 17. Nd2 f5 18. e5 c5 19. Rc1 Rec8 20. dxc5 Qxe5 21. Nc4 Qf6 22. Ncb6 Rxc5 23. Nxc5 Qxb6 24. Nd7 Qb5 25. Rfd1 Rd8 26. Qd3 Qxd3+ 27. Rxd3 Nb8 28. Nf6+ Bxf6 29. Rxd8+ Bxd8 30. Rc8 Nc6 31. Rxc6 Kg7 32. Kc2 h5 33. Kd3 h4 34. Kc4 h3 35. Kb5 f4 36. Rc8 Bf6 37. Kxa5 fxg3 38. fxg3 Bxb2 39. Kxb4 Kf6 40. Rc4 g5 41. a4 Be5 42. a5 Kf5 43. Rc5 1-0

[Event "Malaga op 16th"]
[Site "Malaga"]
[Date "2022.10.27"]
[Round "1"]
[White "Ladron de Guevara Pinto, Paolo"]
[Black "Sarrias Granados, Jesus"]
[Result "1-0"]
[WhiteElo "2426"]
[BlackElo "1802"]
[PlyCount "43"]
[EventDate "2022.10.27"]
[EventType "swiss"]
[EventRounds "9"]
[EventCountry "ESP"]
[SourceTitle "EXT 2024"]
[Source "ChessBase"]
[SourceDate "2023.10.10"]
[SourceVersion "1"]
[SourceVersionDate "2023.10.10"]
[SourceQuality "1"]

1. e4 e5 2. Nf3 Nc6 3. Bb5 a6 4. Ba4 Nf6 5. d3 b5 6. Bb3 Bc5 7. Nc3 h6 8. Nd5 d6 9. c3 Be6 10. 0-0 0-0 11. d4 Nxe4 12. dxc5 Nxc5 13. Bc2 e4 14. Ne1 Ne5 15. f4 Bg4 16. Qd4 Nc6 17. Qd2 f5 18. Ne3 Ne7 19. b4 Nd7 20. Nxg4 fxg4 21. Bxe4 c6 22. Qxd6 1-0

[Event "ESP-ch U14 Rapid"]
[Site "Salobrena"]
[Date "2022.07.24"]
[Round "8"]
[White "Sarrias Granados, Jesus"]
[Black "Ortega Herrera, Paris Francisco"]
[Result "1-0"]
[WhiteElo "1341"]
[BlackElo "1436"]
[PlyCount "23"]
[EventDate "2022.07.23"]
[EventType "swiss (rapid)"]
[EventRounds "9"]
[EventCountry "ESP"]
[SourceTitle "EXT 2023"]
[Source "ChessBase"]
[SourceDate "2022.10.05"]
[SourceVersion "1"]
[SourceVersionDate "2022.10.05"]
[SourceQuality "1"]

1. d4 d5 2. Nc3 Nf6 3. Bg5 e6 4. e4 dxe4 5. Nxe4 Be7 6. Bxf6 Bxf6 7. Nf3 Nc6 8. c3 0-0 9. Bd3 e5 10. d5 Qxd5 11. Nxf6+ gxf6 12. Bxh7+ 1-0

[Event "ESP-ch U14 Rapid"]
[Site "Salobrena"]
[Date "2022.07.23"]
[Round "3"]
[White "Sarrias Granados, Jesus"]
[Black "Andres Iniguez, Iker"]
[Result "1-0"]
[WhiteElo "1341"]
[BlackElo "1663"]
[PlyCount "55"]
[EventDate "2022.07.23"]
[EventType "swiss (rapid)"]
[EventRounds "9"]
[EventCountry "ESP"]
[SourceTitle "EXT 2023"]
[Source "ChessBase"]
[SourceDate "2022.10.05"]
[SourceVersion "1"]
[SourceVersionDate "2022.10.05"]
[SourceQuality "1"]

1. d4 Nf6 2. Nc3 c5 3. d5 g6 4. e4 d6 5. f4 Bg7 6. Nf3 Nbd7 7. Be2 a6 8. a4 0-0 9. 0-0 b6 10. h3 Qc7 11. Be3 Bb7 12. Qe1 e6 13. dxe6 fxe6 14. Nd2 d5 15. e5 Ne8 16. Bf2 Rxf4 17. Bg4 Qc6 18. Bg3 Rxf1+ 19. Qxf1 Nxe5 20. Bxe5 Bxe5 21. Nf3 Bxc3 22. bxc3 h5 23. Ng5 Ng7 24. Qf7+ Kh8 25. Qxg6 Kg8 26. Bxe6+ Qxe6 27. Nxe6 Kh8 28. Qxg7# 1-0

[Event "ESP-ch U14"]
[Site "Salobrena"]
[Date "2022.07.23"]
[Round "9"]
[White "Sarrias Granados, Jesus"]
[Black "Zubizarreta Landera, Denis"]
[Result "1-0"]
[WhiteElo "1716"]
[BlackElo "1433"]
[PlyCount "67"]
[EventDate "2022.07.18"]
[EventType "swiss"]
[EventRounds "9"]
[EventCountry "ESP"]
[SourceTitle "EXT 2023"]
[Source "ChessBase"]
[SourceDate "2022.10.05"]
[SourceVersion "1"]
[SourceVersionDate "2022.10.05"]
[SourceQuality "1"]

1. e4 e6 2. d4 d5 3. Nc3 Bb4 4. e5 Ne7 5. a3 Bxc3+ 6. bxc3 b6 7. Qg4 Ng6 8. h4 h5 9. Qg3 Ba6 10. Bxa6 Nxa6 11. Ne2 c5 12. Nf4 Nxf4 13. Bxf4 Rg8 14. Bg5 Qc8 15. 0-0 cxd4 16. cxd4 Qxc2 17. Qf3 Qf5 18. Qb3 f6 19. Qb5+ Kf7 20. Be3 Nb8 21. Rac1 Qg4 22. Qd3 Qe4 23. Qe2 Qxh4 24. Rc7+ Kg6 25. f4 Qg4 26. Rf3 h4 27. Bf2 f5 28. Qe1 Rh8 29. Bxh4 Kh7 30. Bf6 Na6 31. Rxg7+ Qxg7 32. Bxg7 Kxg7 33. Qg3+ Kf7 34. Qg5 1-0

[Event "Casabermeja op"]
[Site "Casabermeja"]
[Date "2021.09.11"]
[Round "5"]
[White "Sarrias Granados, Jesus"]
[Black "Buijs Martin, Urtzi"]
[Result "0-1"]
[WhiteElo "1302"]
[BlackElo "2020"]
[PlyCount "40"]
[EventDate "2021.09.09"]
[EventType "swiss"]
[EventRounds "7"]
[EventCountry "ESP"]
[SourceTitle "CBM 204 Extra"]
[Source "ChessBase"]
[SourceDate "2021.11.30"]
[SourceVersion "1"]
[SourceVersionDate "2021.11.30"]
[SourceQuality "1"]

1. c4 e5 2. Nc3 Nc6 3. g3 f5 4. d3 Nf6 5. Bg2 Bc5 6. Bg5 Bxf2+ 7. Kf1 Bd4 8. Nf3 Bxc3 9. bxc3 0-0 10. d4 e4 11. Ne5 d6 12. Nxc6 bxc6 13. Bxf6 Qxf6 14. e3 Qf7 15. Qa4 Be6 16. Qxc6 Bxc4+ 17. Kf2 Rab8 18. Rhb1 Bd3 19. Bf1 Rxb1 20. Rxb1 Qxa2+ 0-1